Statistics for Archipelagos by Satellite Image

Click here to take the quiz!

General Stats

  • This quiz has been taken 47 times
  • The average score is 16 of 20

Answer Stats

Answer % Correct
Hawaii
100%
Japan
100%
New Zealand
97%
Indonesia
97%
Philippines
97%
Ă…land Islands
94%
Canary Islands
92%
Maldives
92%
Cape Verde
86%
The Bahamas
86%
Falkland Islands
86%
Balearic Islands
86%
Azores
81%
Svalbard
78%
Aleutian Islands
69%
Orkney
67%
Andaman Islands
61%
Tierra del Fuego
58%
Aegean Islands
56%
Florida Keys
53%

Score Distribution

Percentile by Number Answered

Percent of People with Each Score

Your Score History

You have not taken this quiz